=LDR 00000nam 2200000 4500 =001 INLIS000000000019096 =005 20130612114210 =008 ***********************************Ind** =035 ##$$0010-061300000019096 =041 ##$$a Ind =082 ##$$a 302.2 =090 ##$$a 302.2, Goo p =100 ##$$a Goodoll, H. Lloyd =245 ##$$a Pedoman praktis untuk komunikasi profesional dalam presntasi persuasif, H. Lloyd Goodoll =260 ##$$a 1995 $b Jakarta =300 ##$$a xiii, 340 hlm, 21 cm =650 ##$$a Komunikasi =850 ##$$a NBPNMAT